[Event "30th Klatovy C 2024"]
[Site "Klatovy CZE"]
[Date "2024.07.05"]
[Round "7.16"]
[White "Nussbauer, Ladislav"]
[Black "Danek, Vaclav"]
[Result "0-1"]
[WhiteElo "1652"]
[BlackElo "1922"]
[PlyCount "52"]
[EventDate "2024.06.29"]
[EventType "swiss"]
[EventRounds "9"]
[EventCountry "CZE"]

1. d4 d6 2. c4 Nd7 3. Nc3 e5 4. d5 c5 5. e4 Be7 6. Bd3 Ngf6 7. Nge2 O-O 8. O-O a6 9. a4 b6 10. f4 exf4 11. Bxf4 Nh5 12. Qc2 Nxf4 13. Nxf4 Ne5 14. b3 g6 15. Be2 Bf6 16. Nd3 Ra7 17. Rac1 Qe7 18. Qd1 Bg5 19. Rc2 Be3+ 20. Kh1 Bd4 21. Nxe5 Qxe5 22. Qd3 f5 23. Qf3 Re7 24. exf5 Rxf5 25. Qd3 Rxf1+ 26. Bxf1 Bf5 0-1

[Event "30th Klatovy C 2024"]
[Site "Klatovy CZE"]
[Date "2024.07.05"]
[Round "7.17"]
[White "Rychtecky, Pavel"]
[Black "Stanke, Vilem"]
[Result "1-0"]
[WhiteElo "1719"]
[BlackElo "1572"]
[PlyCount "55"]
[EventDate "2024.06.29"]
[EventType "swiss"]
[EventRounds "9"]
[EventCountry "CZE"]

1. e4 e5 2. Nf3 Nc6 3. Bb5 a6 4. Ba4 Nf6 5. O-O b5 6. Bb3 Bc5 7. Nxe5 Nxe5 8. d4 Bxd4 9. Qxd4 Nc6 10. Qd3 O-O 11. Bg5 Qe7 12. Nc3 Qe5 13. Bh4 Nd4 14. f4 Qc5 15. Bf2 Qa7 16. Qxd4 Qxd4 17. Bxd4 Ne8 18. a4 c6 19. axb5 cxb5 20. Nxb5 d6 21. e5 Bd7 22. Nxd6 Nxd6 23. exd6 Bb5 24. c4 Bc6 25. Ra5 Rfd8 26. c5 Bb5 27. Re1 Kf8 28. Bd5 1-0

[Event "30th Klatovy C 2024"]
[Site "Klatovy CZE"]
[Date "2024.07.05"]
[Round "7.18"]
[White "Malik, Zdenek"]
[Black "Rezny, Frantisek"]
[Result "1-0"]
[WhiteElo "1678"]
[BlackElo "1687"]
[PlyCount "63"]
[EventDate "2024.06.29"]
[EventType "swiss"]
[EventRounds "9"]
[EventCountry "CZE"]

1. e4 e5 2. Nf3 Nc6 3. Bb5 a6 4. Bxc6 dxc6 5. O-O Bg4 6. h3 Bh5 7. c3 Bd6 8. d3 h6 9. Be3 c5 10. Nbd2 b5 11. Re1 Nf6 12. Qc2 O-O 13. Rac1 Re8 14. d4 exd4 15. cxd4 cxd4 16. Bxd4 Bg6 17. Qc6 Re6 18. Bxf6 gxf6 19. Qc3 Rc8 20. Nd4 Be5 21. N2f3 Bxd4 22. Nxd4 Rxe4 23. Nc6 Rxe1+ 24. Rxe1 Qf8 25. Ne7+ Kg7 26. Nxc8 Qxc8 27. Rc1 Qe6 28. a3 Bf5 29. Qxc7 Qa2 30. Qg3+ Bg6 31. b4 Qb2 32. Rc8 1-0

[Event "30th Klatovy C 2024"]
[Site "Klatovy CZE"]
[Date "2024.07.05"]
[Round "7.19"]
[White "Zimmermann, Ladislav"]
[Black "Stross, Frantisek 1952"]
[Result "0-1"]
[WhiteElo "1581"]
[BlackElo "1674"]
[PlyCount "88"]
[EventDate "2024.06.29"]
[EventType "swiss"]
[EventRounds "9"]
[EventCountry "CZE"]

1. e4 e5 2. Nf3 Nc6 3. d4 exd4 4. Nxd4 Nxd4 5. Qxd4 Ne7 6. Nd2 Nc6 7. Qc3 d6 8. Bc4 Ne5 9. Nf3 Nxc4 10. Qxc4 Be6 11. Qb5+ Bd7 12. Qxb7 Be7 13. Qd5 c6 14. Qd2 O-O 15. O-O h6 16. Re1 f6 17. h3 Qe8 18. Qf4 f5 19. e5 d5 20. e6 Bc8 21. Qg3 Rf6 22. Bf4 Rg6 23. Qh2 Qf8 24. Nd4 Bb7 25. Re3 c5 26. Nb3 d4 27. Rg3 Rxe6 28. Kf1 Ba6+ 29. Kg1 Bh4 30. Rf3 Be2 31. Rd3 Bxd3 32. cxd3 Rae8 33. Bd2 Re2 34. g3 Be7 35. Qg2 Qf7 36. Qf3 Bd6 37. Kf1 Qd7 38. g4 R8e5 39. g5 Qe6 40. gxh6 gxh6 41. Kg2 Qg6+ 42. Qg3 Re6 43. Qxg6+ Rxg6+ 44. Kf1 Re8 0-1

[Event "30th Klatovy C 2024"]
[Site "Klatovy CZE"]
[Date "2024.07.05"]
[Round "7.20"]
[White "Ruzickova, Helena"]
[Black "Novy, Jan"]
[Result "0-1"]
[WhiteElo "1651"]
[BlackElo "1599"]
[PlyCount "80"]
[EventDate "2024.06.29"]
[EventType "swiss"]
[EventRounds "9"]
[EventCountry "CZE"]

1. e4 d5 2. exd5 Nf6 3. Bc4 Nxd5 4. Qh5 e6 5. d3 Be7 6. Nf3 Nf6 7. Qe5 Nbd7 8. Qe2 O-O 9. Nbd2 Nb6 10. Bb3 a5 11. a3 c5 12. O-O Qd6 13. c4 a4 14. Bc2 Qc7 15. Ne4 Nxe4 16. Qxe4 f5 17. Qe1 Bf6 18. Rb1 Bd7 19. h3 Rae8 20. Bd2 Nc8 21. Bc3 e5 22. Qd2 Bc6 23. Nh2 Nd6 24. f3 Nf7 25. Rbe1 Bh4 26. Re2 Bg5 27. Qe1 Bf4 28. g3 Bh6 29. Bd2 Ng5 30. Bxg5 Bxg5 31. f4 exf4 32. Rxe8 Rxe8 33. Qd1 fxg3 34. Nf3 Be3+ 35. Kg2 Qf4 36. b4 Bf2 37. bxc5 Re3 38. Rxf2 gxf2 39. Kxf2 Rxf3+ 40. Ke1 Rf1+ 0-1

[Event "30th Klatovy C 2024"]
[Site "Klatovy CZE"]
[Date "2024.07.06"]
[Round "8.11"]
[White "Vachal, Josef"]
[Black "Navratilova, Alena"]
[Result "1/2-1/2"]
[WhiteElo "1858"]
[BlackElo "1729"]
[PlyCount "26"]
[EventDate "2024.06.29"]
[EventType "swiss"]
[EventRounds "9"]
[EventCountry "CZE"]

1. d4 Nf6 2. Nf3 d5 3. g3 g6 4. Bg2 Bg7 5. c4 e6 6. Nc3 O-O 7. O-O Nbd7 8. Ne5 c6 9. e4 Nxe4 10. cxd5 Nxc3 11. bxc3 Nxe5 12. dxe5 exd5 13. f4 Be6 1/2-1/2

[Event "30th Klatovy C 2024"]
[Site "Klatovy CZE"]
[Date "2024.07.06"]
[Round "8.13"]
[White "Truksa, Vaclav"]
[Black "Macho, Miloslav"]
[Result "1-0"]
[WhiteElo "1818"]
[BlackElo "1845"]
[PlyCount "113"]
[EventDate "2024.06.29"]
[EventType "swiss"]
[EventRounds "9"]
[EventCountry "CZE"]

1. d4 Nf6 2. c4 e6 3. Nc3 Bb4 4. a3 Bxc3+ 5. bxc3 d5 6. e3 O-O 7. Nf3 Re8 8. Be2 Nbd7 9. O-O Nb6 10. Ne5 dxc4 11. Nxc4 Bd7 12. a4 Nxc4 13. Bxc4 Bc6 14. f3 Nd5 15. Qc2 Qh4 16. Bd3 h6 17. Rb1 a5 18. g3 Qh3 19. e4 Nb6 20. Bb5 Qh5 21. c4 Qg6 22. Bf4 Bxb5 23. Rxb5 Qf6 24. e5 Qd8 25. Be3 c6 26. Rbb1 Ra6 27. Qb3 Qc8 28. Bf2 Rd8 29. Rfc1 Rd7 30. d5 c5 31. d6 Qc6 32. Qb5 Nxa4 33. Qxc6 bxc6 34. Ra1 Nb2 35. Rc3 a4 36. Bxc5 Ra5 37. Ba3 Rxe5 38. Bxb2 Rxd6 39. Rc2 Ra5 40. Ba3 Rd3 41. Kf2 Rf5 42. f4 e5 43. Bc1 exf4 44. Kg2 fxg3 45. hxg3 Ra5 46. Ra3 Rd4 47. Be3 Re4 48. Kf3 Re8 49. c5 Rb8 50. Rc4 Re8 51. Rb4 g6 52. Rb6 Rc8 53. Bd4 Kf8 54. Be5 Ke8 55. Bd6 Rb5 56. Rxa4 Rxb6 57. cxb6 1-0

[Event "30th Klatovy C 2024"]
[Site "Klatovy CZE"]
[Date "2024.07.06"]
[Round "8.14"]
[White "Danek, Vaclav"]
[Black "Svec, Ludek"]
[Result "1-0"]
[WhiteElo "1922"]
[BlackElo "1764"]
[PlyCount "75"]
[EventDate "2024.06.29"]
[EventType "swiss"]
[EventRounds "9"]
[EventCountry "CZE"]

1. c4 e6 2. Nf3 Nf6 3. Nc3 d5 4. e3 c5 5. d4 Bd6 6. Bd3 Nc6 7. a3 O-O 8. O-O Bd7 9. dxc5 Bxc5 10. b4 Be7 11. Bb2 dxc4 12. Bxc4 a6 13. h3 Qc7 14. Rc1 b5 15. Bd3 Rfd8 16. Bb1 Bc8 17. Qc2 Bb7 18. Ne4 Nxe4 19. Qxe4 g6 20. Qc2 Qc8 21. Qc3 f6 22. Qb3 Rd6 23. e4 Qe8 24. Ba2 h6 25. Qe3 Kh7 26. e5 fxe5 27. Nxe5 Bf6 28. f4 Qe7 29. Bb1 Rg8 30. Qg3 Bxe5 31. fxe5 Rd2 32. Bc3 Rd7 33. Rf6 Qe8 34. Rcf1 Nd8 35. Qf4 Qe7 36. Bd2 Qg7 37. Rxg6 Qxg6 38. Qxh6# 1-0

[Event "30th Klatovy C 2024"]
[Site "Klatovy CZE"]
[Date "2024.07.06"]
[Round "8.15"]
[White "Cecil, Pavel"]
[Black "Malik, Zdenek"]
[Result "0-1"]
[WhiteElo "1896"]
[BlackElo "1678"]
[PlyCount "34"]
[EventDate "2024.06.29"]
[EventType "swiss"]
[EventRounds "9"]
[EventCountry "CZE"]

1. d4 Nf6 2. c4 e6 3. Bg5 d5 4. e3 Nbd7 5. Nf3 Be7 6. Nbd2 O-O 7. Bd3 Re8 8. O-O h6 9. Bh4 c5 10. Rc1 b6 11. h3 Bb7 12. Bg3 Rc8 13. Ne5 dxc4 14. Ndxc4 cxd4 15. Nxd7 Nxd7 16. exd4 b5 17. Na5 Qxa5 0-1

[Event "30th Klatovy C 2024"]
[Site "Klatovy CZE"]
[Date "2024.07.06"]
[Round "8.16"]
[White "Rychtecky, Pavel"]
[Black "Hanzlik, Jiri"]
[Result "1-0"]
[WhiteElo "1719"]
[BlackElo "1712"]
[PlyCount "83"]
[EventDate "2024.06.29"]
[EventType "swiss"]
[EventRounds "9"]
[EventCountry "CZE"]

1. e4 d5 2. exd5 Qxd5 3. Nc3 Qd8 4. d4 Nf6 5. Bc4 e6 6. Nf3 Be7 7. O-O O-O 8. h3 b6 9. Bg5 Bb7 10. Qe2 Re8 11. Rad1 Nd5 12. Bxe7 Qxe7 13. Bxd5 Bxd5 14. Rfe1 c6 15. Nxd5 cxd5 16. c4 Rd8 17. Rc1 dxc4 18. Rxc4 g6 19. Qe4 Na6 20. a3 Rac8 21. Rec1 Rxc4 22. Rxc4 Nb8 23. Qe5 a6 24. Rc7 Qe8 25. Qf4 Rd7 26. Rxd7 Nxd7 27. Qc7 f6 28. b4 Kf7 29. Qb7 Qe7 30. Qxa6 Qd6 31. Qc4 Qf4 32. Qb3 Qc1+ 33. Kh2 Qf4+ 34. g3 Qc1 35. Kg2 h5 36. h4 Qc6 37. Kh3 Qe4 38. a4 Ke7 39. Kh2 g5 40. hxg5 fxg5 41. Nxg5 Qxd4 42. Qxe6+ 1-0

[Event "30th Klatovy C 2024"]
[Site "Klatovy CZE"]
[Date "2024.07.06"]
[Round "8.17"]
[White "Stross, Frantisek 1952"]
[Black "Novy, Jan"]
[Result "1-0"]
[WhiteElo "1674"]
[BlackElo "1599"]
[PlyCount "33"]
[EventDate "2024.06.29"]
[EventType "swiss"]
[EventRounds "9"]
[EventCountry "CZE"]

1. e4 d5 2. exd5 Nf6 3. Bb5+ Nbd7 4. c4 a6 5. Ba4 b5 6. Bb3 Nc5 7. d3 Bf5 8. Bc2 c6 9. d4 Nce4 10. f3 cxd5 11. fxe4 dxe4 12. c5 e6 13. Ne2 Ra7 14. O-O Rd7 15. a4 Bxc5 16. Be3 Bb4 17. axb5 1-0

[Event "30th Klatovy C 2024"]
[Site "Klatovy CZE"]
[Date "2024.07.06"]
[Round "8.19"]
[White "Nussbauer, Ladislav"]
[Black "Zimmermann, Ladislav"]
[Result "1-0"]
[WhiteElo "1652"]
[BlackElo "1581"]
[PlyCount "41"]
[EventDate "2024.06.29"]
[EventType "swiss"]
[EventRounds "9"]
[EventCountry "CZE"]

1. d4 Nf6 2. c4 e6 3. Nc3 Nc6 4. Nf3 Bb4 5. Qc2 g6 6. Bg5 h6 7. Bh4 g5 8. Bg3 d5 9. e3 Ne4 10. Bd3 Nxg3 11. hxg3 Bf8 12. a3 b6 13. cxd5 exd5 14. Bb5 Bb7 15. Ne5 Qd6 16. Qa4 Bg7 17. Bxc6+ Bxc6 18. Qxc6+ Qxc6 19. Nxc6 O-O 20. Nxd5 Rfe8 21. Nxc7 1-0

[Event "30th Klatovy C 2024"]
[Site "Klatovy CZE"]
[Date "2024.07.06"]
[Round "8.20"]
[White "Rezny, Frantisek"]
[Black "Ruzickova, Helena"]
[Result "1/2-1/2"]
[WhiteElo "1687"]
[BlackElo "1651"]
[PlyCount "61"]
[EventDate "2024.06.29"]
[EventType "swiss"]
[EventRounds "9"]
[EventCountry "CZE"]

1. e4 g6 2. d4 c6 3. Nf3 Bg7 4. Nc3 d6 5. Bg5 h6 6. Bh4 Nd7 7. Bc4 g5 8. Bg3 Nb6 9. Bb3 Nf6 10. Qe2 Nh5 11. h3 Nxg3 12. fxg3 e6 13. O-O-O Qc7 14. Rhf1 Bd7 15. Qf2 O-O-O 16. Ne2 Rhf8 17. g4 a6 18. Ng3 Kb8 19. Rd3 d5 20. e5 f6 21. Nh5 Be8 22. Nxg7 Qxg7 23. Qg3 f5 24. gxf5 Rxf5 25. Rd2 Bh5 26. Rdf2 Rdf8 27. c3 Rf4 28. Nd2 Rxf2 29. Rxf2 Bg6 30. Rxf8+ Qxf8 31. Qf3 1/2-1/2

[Event "30th Klatovy C 2024"]
[Site "Klatovy CZE"]
[Date "2024.07.06"]
[Round "8.18"]
[White "Tomecek, Marian"]
[Black "Stanke, Vilem"]
[Result "1/2-1/2"]
[WhiteElo "1588"]
[BlackElo "1572"]
[PlyCount "118"]
[EventDate "2024.06.29"]
[EventType "swiss"]
[EventRounds "9"]
[EventCountry "CZE"]

1. e4 e5 2. Nf3 Nc6 3. Bc4 Bc5 4. O-O Nf6 5. c3 d6 6. d4 exd4 7. cxd4 Bb6 8. Be3 O-O 9. Nbd2 Bg4 10. Be2 Bxf3 11. Bxf3 Bxd4 12. Qb3 Bxe3 13. Qxe3 Ne5 14. Be2 d5 15. Nf3 Nxf3+ 16. Qxf3 Nxe4 17. Rad1 Nf6 18. b3 c6 19. Bd3 Qa5 20. Bb1 Qb4 21. h3 Ne4 22. Qe3 Rfe8 23. Rd4 Qe7 24. Qd3 Nf6 25. Rf4 g6 26. Rf3 Qd6 27. Qd4 Re6 28. Re3 Rxe3 29. fxe3 Nd7 30. b4 Qe5 31. Qd2 Nf6 32. Qf2 Kg7 33. Kh1 Re8 34. Qh4 Re6 35. b5 Ne4 36. Bxe4 Qxe4 37. Qd8 Qxe3 38. bxc6 bxc6 39. Qd7 Re7 40. Qxc6 Qe6 41. Qc3+ Qe5 42. Qb4 d4 43. a4 Qe4 44. Qc4 d3 45. Rxf7+ Rxf7 46. Qxe4 Rd7 47. Qe1 d2 48. Qd1 h5 49. h4 Kf7 50. Kg1 Rd6 51. Kf2 a6 52. Ke3 Ke7 53. Kf4 Kf6 54. g3 Rd4+ 55. Ke3 Ke5 56. Ke2 Re4+ 57. Kf3 Rd4 58. Ke3 Re4+ 59. Kf3 Rd4 1/2-1/2